你能根据外文名猜崩铁角色吗?(截至2.3版本)(一) - Statistics

General Stats
  • This quiz has been taken 18 times
  • The average score is 32 of 133
Answer Stats
Hint Answer % Correct
Kafka 卡芙卡
73%
Arlan 阿兰
67%
Pela 佩拉
60%
Topaz&Numby 托帕&账账
60%
SilverWolf 银狼
60%
Dr.Ratio 真理医生
60%
BlackSwan 黑天鹅
60%
Gepard 杰帕德
60%
March7th 三月七
53%
Dr.レイシオ 真理医生
53%
Firefly 流萤
53%
Natasha 娜塔莎
53%
Welt 瓦尔特
47%
Herta 黑塔
47%
Bronya 布洛妮娅
47%
Luka 卢卡
47%
Gallagher 加拉赫
47%
Misha 米沙
47%
Blade
40%
スショウ 素裳
40%
Seele 希儿
40%
Clara 克拉拉
40%
Hook 虎克
40%
토파스&복순이 托帕&账账
40%
Sampo 桑博
40%
Himeko 姬子
33%
ルカ 卢卡
33%
Sparkle 花火
33%
インゲツ 饮月
33%
クラーラ 克拉拉
33%
ヘルタ 黑塔
33%
はなび 花火
33%
トパーズ&カブ 托帕&账账
33%
ペラ 佩拉
33%
Asta 艾丝妲
33%
フォフォ 藿藿
33%
Jade 翡翠
33%
サンポ 桑博
33%
ナターシャ 娜塔莎
33%
ブローニヤ 布洛妮娅
33%
アスター 艾丝妲
33%
みつきなのか 三月七
33%
カンア 寒鸦
33%
Boothill 波提欧
33%
ミーシャ 米沙
33%
아를란 阿兰
27%
ひめこ 姬子
27%
Robin 知更鸟
27%
ギャラガー 加拉赫
27%
ケイナイフン 桂乃芬
27%
アーラン 阿兰
27%
カフカ 卡芙卡
27%
ヴェルト 瓦尔特
27%
ボートヒル 波提欧
20%
ケイゲン 景元
20%
ギョクウ 驭空
20%
ロビン 知更鸟
20%
ゼーレ 希儿
20%
Argenti 银枝
20%
ブラックスワン 黑天鹅
20%
페라 佩拉
20%
클라라 克拉拉
20%
블레이드
20%
Aventurine 砂金
20%
어공 驭空
20%
ホタル 流萤
20%
카프카 卡芙卡
20%
フック 虎克
20%
テイウン 停云
20%
セツイ 雪衣
20%
ルアンメエイ 阮梅
20%
ジェイド 翡翠
20%
Dr.레이시오 真理医生
20%
ケイリュウ 镜流
20%
ラセツ 罗刹
20%
タンコウ 丹恒
20%
ジン
20%
루카 卢卡
20%
ジェパード 杰帕德
20%
Acheron 黄泉
20%
나타샤 娜塔莎
20%
단항 丹恒
13%
セーバル 希露瓦
13%
스파클 花火
13%
부트힐 波提欧
13%
삼포 桑博
13%
よみ 黄泉
13%
セイジャク 青雀
13%
링스 玲可
13%
ぎんろう 银狼
13%
フゲン 符玄
13%
ゲンキョウ 彦卿
13%
Serval 希露瓦
13%
한아 寒鸦
13%
リンクス 玲可
13%
블랙 스완 黑天鹅
13%
미샤 米沙
13%
서벌 希露瓦
13%
アベンチュリン 砂金
13%
브로냐 布洛妮娅
13%
로빈 知更鸟
13%
경류 镜流
13%
아스타 艾丝妲
13%
계네빈 桂乃芬
13%
Lynx 玲可
13%
アルジェンティ 银枝
13%
ビャクロ 白露
7%
게파드 杰帕德
7%
아케론 黄泉
7%
완매 阮梅
7%
후크 虎克
7%
나찰 罗刹
7%
경원 景元
7%
헤르타 黑塔
7%
웰트 瓦尔特
7%
설의 雪衣
7%
제이드 翡翠
7%
소상 素裳
7%
부현 符玄
7%
히메코 姬子
7%
백로 白露
7%
어벤츄린 砂金
7%
은랑 银狼
7%
반디 流萤
7%
청작 青雀
7%
곽향 藿藿
7%
아젠티 银枝
7%
제레 希儿
7%
연경 彦卿
7%
갤러거 加拉赫
7%
ImbibitorLunae 饮月
7%
정운 停云
7%
음월 饮月
7%
No matching quizzes found
Score Distribution
Percent of People with Each Score
Percentile by Number Answered
Your Score History
You have not taken this quiz